01545nam a2200337 i 450000100060000000300090000600500170001500700030003200800410003501700510007602000180012708000190014510000340016424500630019826000320026130000280029349000530032149000280037450000140040250000170041650400400043350503130047353000350078665100650082171000380088671000280092483000530095283000280100585200400103385601340107315655ES-MaACL20250802063058.0t|000504s1991 sp ||||1| spa d aM 36897-1991 bOficina Depósito Legal Madrid a84-7100-206-X a982"1810/1817"1 aAcevedo, Edberto Óscareaut13aLa independencia de Argentina / cEdberto Óscar Acevedo  aMadrid : bMAPFRE, c[1991] a301 páginas ; c23 cm1 aColección Independencia de Iberoamérica ;v11 aColecciones MAPFRE 1492 aÍndices aCronología aBibliografía: páginas [283]-2930 aHombre e ideas antes de la revolución; Las opciones hacia 1810; La revolución: de la Junta a la Asamblea; La independencia: de la Asamblea al Congreso; Crisis del Gobierno nacional; El Perú y el Plata; Del Alto Perú a Bolivia; De la Banda Oriental al Uruguay; De los proyectos a la realidad argentina aDisponible en formato digital  4aArgentina-xHistoria-y1810-1817, Guerra de la Independencia2 aFundación MAPFRE Américaeisb2 aFundación MAPFREeedt00aColección Independencia de Iberoamérica ;v1 0aColecciones MAPFRE 1492 aES-MaACLbR.124057cDEPO2jL-23019  uhttps://archive.org/details/acevedo-e.-o.-la-independencia-de-argentina-1992/mode/2upyVersión en línea z(Internet Archive)